000 00893nam a2200253 i 4500
001 bgj
245 0 0 _aVom Mittelalter bis zur Gegenwart :
_bKontinuität und Veränderung.
_nBand 1,
_pVom Mittelalter bis zum Barock /
_cHrsg. von Ehrhard Bahr ; Unter Mitarbeit von Franz H. Bäuml [et al.].
260 _aTübingen :
_bA. Francke Verlag,
_c1999
_aBasel.
300 _a470 S. ;
_c19 cm.
490 1 _aUTB für Wissenschaft. Uni-Taschenbücher ;
_v1463
504 _aBibliographie S. 449-450.
505 _aRegister.
650 9 _aDeutsche Literaturgeschichte
700 1 _aBAHR, Erhard.
_eHrsg.
700 1 _aBÄUML, Franz H.
830 0 _aUTB für Wissenschaft.
_pUni-Taschenbücher
830 _aGeschichte der Deutschen Literatur
020 _a382521463X
040 _cBPK
041 0 _ager
920 _a3-8252-1463-X
942 _cKS
008 s gw f |000 0 ger
999 _c49412
_d49412
856 _uhttp://koha.tu.koszalin.pl/cgi-bin/koha/opac-detail.pl?biblionumber=49412
_yKatalog online BPK